Woman of the ashes / (Record no. 130355)
[ view plain ]
| 000 -LEADER | |
|---|---|
| fixed length control field | 01072cam a2200325 i 4500 |
| 001 - CONTROL NUMBER | |
| control field | 20042711 |
| 003 - CONTROL NUMBER IDENTIFIER | |
| control field | ARRUPE |
| 005 - DATE AND TIME OF LATEST TRANSACTION | |
| control field | 20200212104357.0 |
| 008 - FIXED-LENGTH DATA ELEMENTS--GENERAL INFORMATION | |
| fixed length control field | 171002s2018 nyu 000 1 eng |
| 010 ## - LIBRARY OF CONGRESS CONTROL NUMBER | |
| LC control number | 2017038332 |
| 020 ## - INTERNATIONAL STANDARD BOOK NUMBER | |
| International Standard Book Number | 9780374292270 (cloth) |
| 020 ## - INTERNATIONAL STANDARD BOOK NUMBER | |
| Cancelled/invalid ISBN | 9780374715663 (ebook) |
| 040 ## - CATALOGING SOURCE | |
| Original cataloging agency | DLC |
| Language of cataloging | eng |
| Transcribing agency | DLC |
| Description conventions | rda |
| Modifying agency | DLC |
| 041 1# - LANGUAGE CODE | |
| Language code of text/sound track or separate title | eng |
| Language code of original and/or intermediate translations of text | por |
| 042 ## - AUTHENTICATION CODE | |
| Authentication code | pcc |
| 043 ## - GEOGRAPHIC AREA CODE | |
| Geographic area code | f-mz--- |
| 050 00 - LIBRARY OF CONGRESS CALL NUMBER | |
| Classification number | PR9408.M87 |
| Item number | C61 W6 |
| 082 00 - DEWEY DECIMAL CLASSIFICATION NUMBER | |
| Classification number | 869.3/42 |
| Edition number | 23 |
| 300 ## - PHYSICAL DESCRIPTION | |
| Dimensions | 22 cm. |
| 100 1# - MAIN ENTRY--PERSONAL NAME | |
| Personal name | Couto, Mia, |
| Dates associated with a name | 1955- |
| Relator term | author. |
| 9 (RLIN) | 12281 |
| 240 10 - UNIFORM TITLE | |
| Uniform title | <a href="Mulheres de cinza.">Mulheres de cinza.</a> |
| Language of a work | English |
| 245 10 - TITLE STATEMENT | |
| Title | Woman of the ashes / |
| Statement of responsibility, etc | Mia Couto ; translated from the Portuguese by David Brookshaw. |
| 250 ## - EDITION STATEMENT | |
| Edition statement | First American edition. |
| 260 ## - PUBLICATION, DISTRIBUTION, ETC. (IMPRINT) | |
| Place of publication, distribution, etc | New York |
| Name of publisher, distributor, etc | Farrar, Straus and Giroux |
| Date of publication, distribution, etc | 2018 |
| 300 ## - PHYSICAL DESCRIPTION | |
| Extent | viii, 254 pages ; |
| 651 #0 - SUBJECT ADDED ENTRY--GEOGRAPHIC NAME | |
| Geographic name | Mozambique |
| Form subdivision | Fiction. |
| 9 (RLIN) | 49518 |
| 700 1# - ADDED ENTRY--PERSONAL NAME | |
| Personal name | Brookshaw, David, |
| Relator term | translator. |
| 9 (RLIN) | 12282 |
| 906 ## - LOCAL DATA ELEMENT F, LDF (RLIN) | |
| a | 7 |
| b | cbc |
| c | orignew |
| d | 1 |
| e | ecip |
| f | 20 |
| g | y-gencatlg |
| 942 ## - ADDED ENTRY ELEMENTS (KOHA) | |
| Source of classification or shelving scheme | Library of Congress Classification |
| Koha item type | Monograph ( Printed materials) |
| Withdrawn status | Lost status | Source of classification or shelving scheme | Damaged status | Not for loan | Collection code | Home library | Current library | Shelving location | Date acquired | Total Checkouts | Full call number | Barcode | Date last seen | Price effective from | Koha item type |
|---|---|---|---|---|---|---|---|---|---|---|---|---|---|---|---|
| Library of Congress Classification | Main Collection | ARRUPE LIBRARY | ARRUPE LIBRARY | Main Collection | 12/02/2020 | PR9408.M87 C61 W6 | 46600006429 | 12/02/2020 | 12/02/2020 | Monograph ( Printed materials) |